[Event "Pontevedra op-B 10th"]
[Site "Pontevedra"]
[Date "2022.07.30"]
[Round "9.17"]
[White "Adam, Sophia"]
[Black "Lopez Sanchez, Ivan"]
[Result "1-0"]
[WhiteElo "1582"]
[BlackElo "1141"]
[PlyCount "85"]
[EventDate "2022.07.24"]
[EventType "swiss"]
[EventRounds "9"]
[EventCountry "ESP"]
[SourceTitle "EXT 2023"]
[Source "ChessBase"]
[SourceDate "2022.10.05"]
[SourceVersion "1"]
[SourceVersionDate "2022.10.05"]
[SourceQuality "1"]

1. d4 Nf6 2. Nf3 g6 3. g3 Bg7 4. Bg2 0-0 5. 0-0 d5 6. c4 Nbd7 7. cxd5 Nxd5 8. e4 N5b6 9. Qc2 Nf6 10. Bf4 c6 11. Rd1 Re8 12. Nc3 Bg4 13. h3 Bxf3 14. Bxf3 Qd7 15. Kg2 e6 16. b3 Rad8 17. Rd2 Qc8 18. Rad1 Re7 19. a4 a5 20. Ne2 Red7 21. Qc5 Na8 22. Qxa5 Nc7 23. h4 b5 24. Bg5 Qa8 25. Qxa8 Rxa8 26. Bxf6 Bxf6 27. e5 Be7 28. Bxc6 Rad8 29. Bxd7 Rxd7 30. a5 Na6 31. Rc2 Bb4 32. Rc6 Ra7 33. Ra1 h6 34. Nc3 Bxc3 35. Rxc3 Nb4 36. Rc5 Nd5 37. Rxb5 Nc3 38. Rb8+ Kg7 39. a6 Nd5 40. Rb7 Ra8 41. a7 h5 42. Rb8 Nc7 43. b4 1-0

[Event "Pontevedra op-B 10th"]
[Site "Pontevedra"]
[Date "2022.07.27"]
[Round "5.20"]
[White "Adam, Sophia"]
[Black "Cabral, Francisco Manuel N"]
[Result "1-0"]
[WhiteElo "1582"]
[BlackElo "1120"]
[PlyCount "107"]
[EventDate "2022.07.24"]
[EventType "swiss"]
[EventRounds "9"]
[EventCountry "ESP"]
[SourceTitle "EXT 2023"]
[Source "ChessBase"]
[SourceDate "2022.10.05"]
[SourceVersion "1"]
[SourceVersionDate "2022.10.05"]
[SourceQuality "1"]

1. d4 Nf6 2. Nf3 e6 3. g3 d5 4. Bg2 Nbd7 5. 0-0 Bd6 6. c4 dxc4 7. Nbd2 0-0 8. e4 Be7 9. Qc2 c5 10. Nxc4 cxd4 11. Nxd4 Nb6 12. Nxb6 Qxb6 13. Rd1 Bc5 14. Nb3 Be7 15. Be3 Qb5 16. a4 Qh5 17. Nd4 e5 18. Nf3 Bg4 19. Qe2 Nxe4 20. Rd5 Bf6 21. Bf4 Nd6 22. Bxe5 Rfe8 23. Qd3 Bxe5 24. Nxe5 Rxe5 25. Rxd6 Rae8 26. Rd8 Bh3 27. Bxb7 Qe2 28. Rxe8+ Rxe8 29. Qxe2 Rxe2 30. Rd1 g6 31. b3 Re7 32. Bd5 Rd7 33. Bf3 Rxd1+ 34. Bxd1 Kf8 35. Be2 Ke7 36. g4 Kd6 37. f3 f5 38. Kf2 f4 39. Bd3 g5 40. Bxh7 Kc5 41. Bg8 Kb4 42. Bc4 Kc3 43. a5 Kb4 44. a6 Kc5 45. Ke2 Bg2 46. Kf2 Bh3 47. Bf1 Bxf1 48. Kxf1 Kb4 49. h4 gxh4 50. g5 h3 51. g6 Kc3 52. g7 Kd3 53. g8Q h2 54. Kg2 1-0